[Event "89th ch-ARG 2014"]
[Site "Saenz Pena ARG"]
[Date "2014.07.11"]
[Round "4.2"]
[White "Mareco, Sandro"]
[Black "Pichot, Alan"]
[Result "1/2-1/2"]
[WhiteTitle "GM"]
[BlackTitle "IM"]
[WhiteElo "2592"]
[BlackElo "2424"]
[WhiteFideId "112275"]
[BlackFideId "110973"]
[EventDate "2014.07.09"]

1. d4 d5 2. c4 e6 3. Nc3 c5 4. cxd5 exd5 5. Nf3 Nc6 6. g3 Nf6 7. Bg2 cxd4 8.
Nxd4 Bc5 9. Nb3 Bb6 10. O-O d4 11. Na4 O-O 12. Bg5 Re8 13. Nxb6 axb6 14. Re1 Be6
15. Nc1 h6 16. Bxf6 Qxf6 17. Nd3 Rxa2 18. Rxa2 Bxa2 19. Qa4 Be6 1/2-1/2

[Event "89th ch-ARG 2014"]
[Site "Saenz Pena ARG"]
[Date "2014.07.11"]
[Round "4.3"]
[White "Lorenzini, Martin"]
[Black "Felgaer, Ruben"]
[Result "1-0"]
[BlackTitle "GM"]
[WhiteElo "2488"]
[BlackElo "2549"]
[WhiteFideId "105570"]
[BlackFideId "107069"]
[EventDate "2014.07.09"]

1. e4 c5 2. Nf3 e6 3. c3 Nf6 4. e5 Nd5 5. Bc4 d6 6. O-O dxe5 7. Nxe5 Nc6 8. Bb5
Bd7 9. Bxc6 Bxc6 10. Nxc6 bxc6 11. d4 Be7 12. dxc5 O-O 13. Qa4 Bxc5 14. Qxc6 Qe7
15. Nd2 Rfd8 16. Nf3 e5 17. Re1 f6 18. Bd2 a5 19. Rad1 Qa7 20. Rf1 Rd6 21. Qa4
Rad8 22. Bc1 Qa8 23. Rd2 Nb6 24. Qb3+ Kf8 25. Rxd6 Rxd6 26. Rd1 Rxd1+ 27. Qxd1
Ke7 28. Qe2 Qd5 29. b3 e4 30. c4 Qe6 31. Ne1 f5 32. Be3 Nd7 33. Bxc5+ Nxc5 34.
Qd2 a4 35. Qd4 Qb6 36. Qxg7+ Kd6 37. Qf8+ 1-0

[Event "89th ch-ARG 2014"]
[Site "Saenz Pena ARG"]
[Date "2014.07.11"]
[Round "4.4"]
[White "Villanueva, Mario"]
[Black "Slipak, Sergio"]
[Result "1/2-1/2"]
[WhiteTitle "IM"]
[BlackTitle "GM"]
[WhiteElo "2413"]
[BlackElo "2452"]
[WhiteFideId "113433"]
[BlackFideId "100250"]
[EventDate "2014.07.09"]

1. e4 e5 2. Nf3 Nc6 3. Bb5 Nf6 4. O-O Nxe4 5. d4 Nd6 6. Bxc6 dxc6 7. dxe5 Nf5 8.
Qxd8+ Kxd8 9. Rd1+ Ke8 10. Nc3 Ne7 11. Nd4 Bd7 12. h3 a6 13. Bf4 Ng6 14. Bh2 c5
15. Nd5 Rc8 16. Nb3 Be6 17. Na5 b6 18. Nc6 Bxd5 19. Rxd5 Ne7 20. Nxe7 Bxe7 21.
Rad1 h5 22. g4 hxg4 23. hxg4 g5 24. Kg2 Rd8 25. c4 c6 26. R5d3 Rh4 27. f3 Rxd3
28. Rxd3 Bd8 29. Bg3 Rh6 30. f4 gxf4 31. Bxf4 Rg6 32. Kf3 Bc7 33. Rd2 b5 34. g5
Ke7 35. Ke4 Rg8 36. b3 Rf8 37. Kf5 Rh8 38. Rh2 Rxh2 39. Bxh2 Ba5 40. Bg1 Bb4 41.
Bf2 Ba3 42. Bh4 Bb2 43. g6+ Kf8 44. Be7+ Kg8 45. gxf7+ Kxf7 46. Bxc5 Bc3 47. e6+
Ke8 48. Bd6 bxc4 49. bxc4 Bb2 50. Be5 Ba3 51. Bf6 a5 52. Bg5 a4 53. Ke5 Bc5 54.
Bh4 Kf8 55. Bg5 Ke8 56. Bf6 Ba3 57. Ke4 Bc5 58. Bd4 Bb4 59. Be3 Ke7 60. Kf5 Ba3
61. Bd4 Bb4 62. Bf2 Ba3 63. Bh4+ Ke8 64. Ke5 Bc5 65. Bg5 Kf8 66. Ke4 Ke8 67. Kd3
Kf8 68. Be3 Bb4 69. Bg5 Bc5 70. Kc3 Ke8 71. Bh4 Kf8 72. Bd8 Ke8 73. Ba5 Bd6 74.
Bb4 c5 75. Ba5 Be5+ 76. Kd3 1/2-1/2

[Event "89th ch-ARG 2014"]
[Site "Saenz Pena ARG"]
[Date "2014.07.11"]
[Round "4.5"]
[White "Mahia, Gustavo"]
[Black "Liascovich, Lucas"]
[Result "0-1"]
[WhiteTitle "IM"]
[BlackTitle "IM"]
[WhiteElo "2366"]
[BlackElo "2478"]
[WhiteFideId "100439"]
[BlackFideId "108634"]
[EventDate "2014.07.09"]

1. d4 d5 2. c4 dxc4 3. e3 e5 4. Bxc4 exd4 5. exd4 Nf6 6. Qb3 Qe7+ 7. Ne2 Nbd7 8.
Nc3 Nb6 9. Bg5 Nxc4 10. Qxc4 c6 11. O-O Be6 12. Qd3 h6 13. Bh4 g5 14. Bg3 Bg7
15. Be5 Nh5 16. Ng3 Bxe5 17. dxe5 Nf4 18. Qe3 Qc7 19. Rad1 O-O 20. Rd4 f5 21.
Rfd1 Qf7 22. Rd6 Nxg2 23. Kxg2 f4 24. Qf3 g4 25. Qd3 fxg3 26. fxg3 Rae8 27. Rf1
Qxf1+ 28. Qxf1 Rxf1 29. Kxf1 Kg7 30. Kf2 Bc8 31. Ne2 Rxe5 32. Nf4 Rc5 33. Ke3
Rc2 34. Rd2 Rxd2 35. Kxd2 Kf6 36. Ke3 Ke5 37. Ng6+ Kf6 38. Nf4 Kf5 39. Kd4 b6
40. b4 Be6 41. a3 Bf7 42. Nd3 h5 43. Nf4 Be8 44. Nd3 Ke6 45. Ne5 c5+ 46. bxc5
bxc5+ 47. Ke4 Ba4 48. Ng6 0-1

[Event "89th ch-ARG 2014"]
[Site "Saenz Pena ARG"]
[Date "2014.07.11"]
[Round "4.6"]
[White "Manzone, Alessandro"]
[Black "Real De Azua, Ernesto"]
[Result "1/2-1/2"]
[BlackTitle "IM"]
[WhiteElo "2317"]
[BlackElo "2443"]
[WhiteFideId "112488"]
[BlackFideId "108154"]
[EventDate "2014.07.09"]

1. d4 Nf6 2. c4 e6 3. Nc3 Bb4 4. e3 O-O 5. Ne2 d5 6. a3 Be7 7. cxd5 exd5 8. g3
a5 9. Bg2 c6 10. O-O Na6 11. Nf4 Nc7 12. f3 c5 13. Kh1 b6 14. Qc2 Bb7 15. Rd1
Bd6 16. Na4 Ne6 17. Nxe6 fxe6 18. Nc3 e5 19. Bd2 Rc8 20. Be1 Qe7 21. Qb3 exd4
22. exd4 cxd4 23. Nb5 Bc5 24. Nxd4 1/2-1/2

[Event "89th ch-ARG 2014"]
[Site "Saenz Pena ARG"]
[Date "2014.07.11"]
[Round "4.7"]
[White "Iermito, Sebastian"]
[Black "Obregon, Andres Carlos"]
[Result "1/2-1/2"]
[WhiteTitle "IM"]
[BlackTitle "IM"]
[WhiteElo "2475"]
[BlackElo "2502"]
[WhiteFideId "114286"]
[BlackFideId "111724"]
[EventDate "2014.07.09"]

1. e4 c5 2. Nf3 e6 3. d4 cxd4 4. Nxd4 Nf6 5. Nc3 d6 6. g3 Be7 7. Bg2 a6 8. O-O
Qc7 9. Be3 Nc6 10. Nxc6 bxc6 11. Na4 Rb8 12. c4 c5 13. b3 O-O 14. Nc3 Bb7 15. g4
Nd7 16. f4 Rfe8 17. g5 Bf8 18. Qd2 Rbd8 19. Rad1 Bc6 1/2-1/2

[Event "89th ch-ARG 2014"]
[Site "Saenz Pena ARG"]
[Date "2014.07.12"]
[Round "5.1"]
[White "Obregon, Andres Carlos"]
[Black "Alonso, Salvador"]
[Result "1/2-1/2"]
[WhiteTitle "IM"]
[BlackTitle "GM"]
[WhiteElo "2502"]
[BlackElo "2508"]
[WhiteFideId "111724"]
[BlackFideId "105198"]
[EventDate "2014.07.09"]

1. e4 c5 2. Nf3 e6 3. d4 cxd4 4. Nxd4 Nf6 5. Nc3 d6 6. g4 e5 7. Bb5+ Bd7 8.
Bxd7+ Qxd7 9. Nf5 h5 10. Bg5 Nh7 11. Bh4 g6 12. Ne3 g5 13. Bg3 h4 14. f3 hxg3
15. hxg3 Nc6 16. Ncd5 O-O-O 17. Nf5 Ne7 18. Qd2 Nxf5 19. gxf5 Be7 20. O-O-O Nf6
21. Rxh8 Rxh8 22. Nxe7+ Qxe7 23. Qxg5 d5 24. Qe3 d4 25. Qb3 Kb8 26. g4 Rh3 27.
g5 Nxe4 28. f6 Qd7 29. g6 Nxf6 30. gxf7 Rh8 31. Rg1 Rc8 32. Rg8 Qe7 33. Qc4 Rf8
34. Rxf8+ Qxf8 35. Qe6 Qh6+ 36. Kd1 Qh1+ 37. Ke2 Qh2+ 38. Kd3 Qh7+ 39. Kd2 Qh2+ 1/2-1/2

[Event "89th ch-ARG 2014"]
[Site "Saenz Pena ARG"]
[Date "2014.07.12"]
[Round "5.2"]
[White "Real De Azua, Ernesto"]
[Black "Iermito, Sebastian"]
[Result "1/2-1/2"]
[WhiteTitle "IM"]
[BlackTitle "IM"]
[WhiteElo "2443"]
[BlackElo "2475"]
[WhiteFideId "108154"]
[BlackFideId "114286"]
[EventDate "2014.07.09"]

1. d4 Nf6 2. c4 e6 3. Nc3 Bb4 4. e3 d5 5. Nf3 O-O 6. Bd3 c5 7. O-O cxd4 8. exd4
dxc4 9. Bxc4 b6 10. Bg5 Bb7 11. Rc1 Be7 12. Re1 Nc6 13. a3 Nd5 14. Bd2 Nxc3 15.
Bxc3 Na5 16. Bd3 Bd5 17. Ne5 Bg5 18. Rb1 g6 19. Qg4 Nc6 20. Rbd1 Nxe5 21. dxe5
h5 22. Qg3 Bh4 23. Qh3 Bb3 24. Bc2 Bxc2 25. Rxd8 Bxd8 26. Bb4 Re8 27. Qc3 Bf5
28. Qc6 Bg5 29. Bc3 Rad8 30. h3 h4 1/2-1/2

[Event "89th ch-ARG 2014"]
[Site "Saenz Pena ARG"]
[Date "2014.07.12"]
[Round "5.3"]
[White "Liascovich, Lucas"]
[Black "Manzone, Alessandro"]
[Result "1-0"]
[WhiteTitle "IM"]
[WhiteElo "2478"]
[BlackElo "2317"]
[WhiteFideId "108634"]
[BlackFideId "112488"]
[EventDate "2014.07.09"]

1. Nf3 Nf6 2. c4 e6 3. g3 b6 4. Bg2 Bb7 5. O-O c5 6. Nc3 Be7 7. Re1 O-O 8. e4 d6
9. d4 cxd4 10. Nxd4 Qc8 11. Be3 Nbd7 12. f4 Rd8 13. Rc1 a6 14. g4 Nc5 15. Bf2 a5
16. g5 Nfd7 17. h4 g6 18. Ndb5 Qb8 19. Bg3 Bf8 20. Qd2 Qc8 21. Rcd1 Nb8 22. e5
d5 23. cxd5 exd5 24. Nxd5 Ne6 25. Nd6 Bxd6 26. Nf6+ Kh8 27. exd6 Bxg2 28. Qxg2
Nd7 29. Nd5 Qc4 30. b3 Qc5+ 31. Kh2 Re8 32. Ne7 Ng7 33. Qb2 Rf8 34. f5 f6 35.
fxg6 fxg5 36. Rd5 Qb4 37. Rxg5 Nf6 38. Nc6 Ng4+ 39. Kg1 Rf3 40. Nxb4 Rxg3+ 41.
Qg2 Rxg2+ 42. Kxg2 Nf6 43. Nd5 Nfh5 44. d7 Rd8 45. Rxh5 1-0

[Event "89th ch-ARG 2014"]
[Site "Saenz Pena ARG"]
[Date "2014.07.12"]
[Round "5.4"]
[White "Slipak, Sergio"]
[Black "Mahia, Gustavo"]
[Result "1/2-1/2"]
[WhiteTitle "GM"]
[BlackTitle "IM"]
[WhiteElo "2452"]
[BlackElo "2366"]
[WhiteFideId "100250"]
[BlackFideId "100439"]
[EventDate "2014.07.09"]

1. d4 Nf6 2. Nf3 g6 3. g3 Bg7 4. Bg2 d5 5. c4 dxc4 6. O-O O-O 7. Na3 Nc6 8. Nxc4
Be6 9. b3 Bd5 10. Bb2 a5 11. Rc1 a4 12. bxa4 Ra6 13. Nfe5 Bxg2 14. Kxg2 Qa8 15.
Nxc6 bxc6 16. a5 c5+ 17. Kg1 Rd8 18. d5 Nxd5 19. Qc2 Nb4 20. Qb3 Bxb2 21. Qxb2
Nc6 22. Rfd1 Rxd1+ 23. Rxd1 Nxa5 24. Ne5 Nc6 25. Nxc6 Rxc6 26. Qe5 Rd6 27. Rb1
Rb6 28. Rd1 Re6 29. Qxc7 Qxa2 30. e3 Rf6 31. Rf1 Qe6 1/2-1/2

[Event "89th ch-ARG 2014"]
[Site "Saenz Pena ARG"]
[Date "2014.07.12"]
[Round "5.5"]
[White "Felgaer, Ruben"]
[Black "Villanueva, Mario"]
[Result "1-0"]
[WhiteTitle "GM"]
[BlackTitle "IM"]
[WhiteElo "2549"]
[BlackElo "2413"]
[WhiteFideId "107069"]
[BlackFideId "113433"]
[EventDate "2014.07.09"]

1. c4 Nf6 2. Nc3 g6 3. g3 Bg7 4. Bg2 O-O 5. e4 Nc6 6. Nge2 e5 7. O-O d6 8. d3
Nh5 9. Be3 f5 10. exf5 Bxf5 11. d4 Qd7 12. d5 Ne7 13. f3 Bh3 14. g4 Bxg2 15.
Kxg2 Nf6 16. Ng3 Kh8 17. Qd2 c6 18. a4 cxd5 19. cxd5 Rac8 20. Bxa7 Rxc3 21. bxc3
Nexd5 22. Kh1 Nf4 23. Be3 Qc6 24. Bxf4 exf4 25. Qxf4 Nd5 26. Qe4 Re8 27. Qd3 Ne3
28. Rae1 Nxf1 29. Rxe8+ Qxe8 30. Nxf1 Qc6 31. c4 Be5 32. Qb3 Qc5 33. Kg2 b6 34.
Nd2 Kg7 35. Ne4 Qd4 36. Qc2 Qa1 37. Ng3 Kf6 38. Ne2 Qb2 39. Qxb2 Bxb2 40. Kf2 d5
41. cxd5 Ke5 42. Ke3 Kxd5 43. Kd3 Kc5 44. Nc3 h5 45. g5 Bc1 46. h4 Bf4 47. Ne2
Bc7 48. Kc3 Be5+ 49. Kd3 Bc7 50. f4 Bd6 51. Ke4 Kb4 52. Kd5 Bb8 53. f5 1-0

[Event "89th ch-ARG 2014"]
[Site "Saenz Pena ARG"]
[Date "2014.07.12"]
[Round "5.6"]
[White "Pichot, Alan"]
[Black "Lorenzini, Martin"]
[Result "1/2-1/2"]
[WhiteTitle "IM"]
[WhiteElo "2424"]
[BlackElo "2488"]
[WhiteFideId "110973"]
[BlackFideId "105570"]
[EventDate "2014.07.09"]

1. e4 d6 2. d4 Nf6 3. Nc3 e5 4. Nf3 Nbd7 5. Bc4 Be7 6. O-O O-O 7. Re1 c6 8. a4
a5 9. h3 Nb6 10. Ba2 exd4 11. Qxd4 d5 12. exd5 Nfxd5 13. Nxd5 Nxd5 14. Bxd5 cxd5
15. Bf4 Bf5 16. Be5 f6 17. Bc7 Qd7 18. c3 Rfc8 19. Bf4 Bc2 20. Qd2 Bb3 21. Nd4
Bc4 22. b3 Ba6 23. Re3 Bc5 24. Rg3 Bf8 25. Qd1 Re8 26. Qh5 Re4 27. Be3 Kh8 28.
Rd1 Re5 29. Qf3 Rae8 30. Rg4 Re4 31. Nf5 R4e5 32. Ng3 Qc8 33. Bd4 Re1+ 34. Rxe1
Rxe1+ 35. Kh2 Qe6 36. Rg5 b5 37. axb5 Bxb5 38. c4 Qe7 39. Rh5 Be8 40. Rh4 Bg6
41. Qxd5 Rb1 42. Qxa5 Rxb3 43. Be3 Ra3 44. Qb6 h6 45. Rg4 Kh7 46. Qb5 Rxe3 47.
fxe3 Qxe3 48. Rxg6 Kxg6 49. Qh5+ Kh7 50. Qf5+ Kg8 51. Ne4 Ba3 52. Qg6 Qf4+ 53.
Kg1 Qe3+ 54. Kh2 1/2-1/2

[Event "89th ch-ARG 2014"]
[Site "Saenz Pena ARG"]
[Date "2014.07.12"]
[Round "5.7"]
[White "Perez Ponsa, Federico"]
[Black "Mareco, Sandro"]
[Result "1-0"]
[WhiteTitle "GM"]
[BlackTitle "GM"]
[WhiteElo "2521"]
[BlackElo "2592"]
[WhiteFideId "117927"]
[BlackFideId "112275"]
[EventDate "2014.07.09"]

1. e4 c5 2. Nf3 d6 3. d4 cxd4 4. Nxd4 Nf6 5. Nc3 a6 6. h3 e5 7. Nde2 h5 8. g3
Be7 9. Bg2 Be6 10. O-O Nbd7 11. a4 h4 12. g4 Rc8 13. Be3 O-O 14. a5 Nh7 15. Qd2
Rc6 16. Nd5 Bg5 17. f4 exf4 18. Nexf4 Ne5 19. b3 Bxd5 20. exd5 Rc8 21. Be4 g6
22. c4 Re8 23. Bb6 Qe7 24. Rae1 Nf6 25. Bg2 Nfd7 26. Bd4 Nc5 27. Re3 Qd8 28. Kh1
Rc7 29. Qe2 Rce7 30. b4 Ned3 31. Rxe7 Rxe7 32. Ne6 Nf4 33. Rxf4 Bxf4 34. bxc5
fxe6 35. Qe4 Kh7 36. Bf6 e5 37. Bf1 Qf8 38. Bxe7 Qxe7 39. Bd3 dxc5 40. Qxg6+ Kh8
41. d6 Qg7 42. Qe8+ Qg8 43. d7 Bg5 44. Qh5+ 1-0

[Event "89th ch-ARG 2014"]
[Site "Saenz Pena ARG"]
[Date "2014.07.13"]
[Round "6.1"]
[White "Alonso, Salvador"]
[Black "Mareco, Sandro"]
[Result "1-0"]
[WhiteTitle "GM"]
[BlackTitle "GM"]
[WhiteElo "2508"]
[BlackElo "2592"]
[WhiteFideId "105198"]
[BlackFideId "112275"]
[EventDate "2014.07.09"]

1. e4 c5 2. Nf3 d6 3. d4 cxd4 4. Nxd4 Nf6 5. Nc3 a6 6. Be3 e6 7. Qf3 Be7 8. g4
Nc6 9. g5 Nd7 10. h4 Qc7 11. h5 Nde5 12. Qg3 Na5 13. f4 Nec4 14. Bc1 b5 15. h6
g6 16. b3 Nb6 17. Bb2 Bb7 18. O-O-O Rc8 19. Rh2 O-O 20. Bh3 e5 21. fxe5 dxe5 22.
Ne6 Qb8 23. Nxf8 Rxf8 24. Nd5 Nxd5 25. exd5 Bd6 26. Re2 Re8 27. Rde1 Bxd5 28.
Bxe5 1-0

[Event "89th ch-ARG 2014"]
[Site "Saenz Pena ARG"]
[Date "2014.07.13"]
[Round "6.2"]
[White "Lorenzini, Martin"]
[Black "Perez Ponsa, Federico"]
[Result "1-0"]
[BlackTitle "GM"]
[WhiteElo "2488"]
[BlackElo "2521"]
[WhiteFideId "105570"]
[BlackFideId "117927"]
[EventDate "2014.07.09"]

1. e4 c6 2. c4 d5 3. exd5 Nf6 4. Nc3 cxd5 5. cxd5 Nxd5 6. Nf3 Nc6 7. d4 a6 8.
Bd3 Bg4 9. O-O e6 10. Re1 Bb4 11. Bd2 O-O 12. a3 Ba5 13. h3 Bxf3 14. Qxf3 Nxd4
15. Qe4 Nf6 16. Qe3 Bb6 17. Qg3 Bc7 18. Bf4 Bxf4 19. Qxf4 Nc6 20. Rad1 Qb6 21.
b4 Rad8 22. Na4 Qa7 23. Nc5 b6 24. Ne4 Nd5 25. Qh4 h6 26. Bc4 Nce7 27. Rd3 Ng6
28. Qg3 Ndf4 29. Rf3 b5 30. Bb3 e5 31. Nc5 Kh8 32. Rfe3 a5 33. Bc2 axb4 34. axb4
Rfe8 35. Bxg6 Nxg6 36. h4 Qa2 37. h5 Nf4 38. Qg4 f6 39. g3 Ne6 40. Ne4 Nf8 41.
Nc3 Qf7 42. Nxb5 f5 43. Qh4 e4 44. Nc3 Ne6 45. Kg2 Ng5 46. Rh1 Rd2 47. Qf4 Ne6
48. Qh4 Red8 49. Rf1 Kg8 50. b5 Rb2 51. Rb1 Rdd2 52. Rxb2 Rxb2 53. Re2 Rb3 54.
Re3 f4 55. gxf4 Nxf4+ 56. Kh2 Nxh5 57. Nxe4 Qc7+ 58. Ng3 Rxb5 59. Re8+ Kf7 60.
Qe4 Nf6 61. Qe6+ Kg6 62. Re7 Qc2 63. Qf7+ Kg5 64. Qxg7+ Qg6 65. f4+ Kh4 66. Qxg6 1-0

[Event "89th ch-ARG 2014"]
[Site "Saenz Pena ARG"]
[Date "2014.07.13"]
[Round "6.3"]
[White "Villanueva, Mario"]
[Black "Pichot, Alan"]
[Result "1-0"]
[WhiteTitle "IM"]
[BlackTitle "IM"]
[WhiteElo "2413"]
[BlackElo "2424"]
[WhiteFideId "113433"]
[BlackFideId "110973"]
[EventDate "2014.07.09"]

1. e4 c5 2. Nf3 e6 3. d4 cxd4 4. Nxd4 a6 5. Nc3 Qc7 6. Bd3 Nf6 7. f4 d6 8. Qe2
Nbd7 9. g4 g6 10. g5 Nh5 11. f5 Ne5 12. Bd2 b5 13. a3 h6 14. O-O-O hxg5 15. Bxg5
Be7 16. Be3 g5 17. fxe6 fxe6 18. Rhg1 Nf4 19. Bxf4 gxf4 20. Rg7 Qc5 21. Qg2 Bf6
22. Rg8+ Kf7 23. Rxh8 Bxh8 24. Be2 Bd7 25. Bh5+ Ke7 26. Nf5+ exf5 27. Nd5+ Kf8
28. Qg5 Rc8 29. c3 Qf2 30. Kb1 fxe4 31. Rg1 Qxg1+ 32. Qxg1 f3 33. Qe3 Rc4 34. b3
Rc6 35. Qxe4 Be6 36. Qf4+ Nf7 37. Bxf3 Rc5 38. c4 bxc4 39. bxc4 Rc8 40. Bg4 Be5
41. Qf3 Rb8+ 42. Kc1 Bxg4 43. Qxg4 Bb2+ 44. Kd1 Bxa3 45. Nf6 Ke7 46. Qg7 Rb1+
47. Kc2 Rf1 48. Nd5+ Kd7 49. Qg2 Rc1+ 50. Kb3 Ne5 51. Qg7+ Ke6 52. Qf6+ 1-0

[Event "89th ch-ARG 2014"]
[Site "Saenz Pena ARG"]
[Date "2014.07.13"]
[Round "6.4"]
[White "Mahia, Gustavo"]
[Black "Felgaer, Ruben"]
[Result "1/2-1/2"]
[WhiteTitle "IM"]
[BlackTitle "GM"]
[WhiteElo "2366"]
[BlackElo "2549"]
[WhiteFideId "100439"]
[BlackFideId "107069"]
[EventDate "2014.07.09"]

1. d4 d5 2. c4 c6 3. Nf3 Nf6 4. e3 Bf5 5. Qb3 Qc7 6. Nc3 e6 7. Nh4 Bg6 8. Bd2
Nbd7 9. Nxg6 hxg6 10. g3 Be7 11. Bg2 Nb6 12. cxd5 exd5 13. O-O O-O 14. Rad1 Rfe8
15. e4 dxe4 16. Nxe4 Nbd5 17. Nc5 Rab8 18. Rfe1 Qb6 19. Qa3 a6 20. b4 Rbd8 21.
Qb3 Bf8 22. Rxe8 Rxe8 23. a3 Rd8 24. Bf3 Qc7 25. Bg5 Qc8 26. Kg2 Qc7 27. h4 Re8
28. Qd3 Rd8 29. Qc2 Be7 30. Re1 Bf8 31. Qb3 Qb6 32. Qc4 Qc7 33. Qb3 Qb6 34. Qc4
Qc7 35. Qb3 1/2-1/2

[Event "89th ch-ARG 2014"]
[Site "Saenz Pena ARG"]
[Date "2014.07.13"]
[Round "6.5"]
[White "Manzone, Alessandro"]
[Black "Slipak, Sergio"]
[Result "0-1"]
[BlackTitle "GM"]
[WhiteElo "2317"]
[BlackElo "2452"]
[WhiteFideId "112488"]
[BlackFideId "100250"]
[EventDate "2014.07.09"]

1. d4 d5 2. c4 e6 3. Nc3 a6 4. cxd5 exd5 5. Bf4 Nf6 6. e3 Bd6 7. Bg3 Bf5 8. Bd3
Bxd3 9. Qxd3 O-O 10. Nf3 Re8 11. Bxd6 Qxd6 12. O-O Nbd7 13. Rab1 c6 14. Rfc1 Ne4
15. Nd2 Nxc3 16. Rxc3 Qe7 17. Nb3 Nb6 18. Nd2 Nc8 19. Nb3 Nd6 20. Nc5 Qg5 21.
Re1 Re7 22. Qd1 Rae8 23. Rb3 h5 24. Rf1 h4 25. h3 f6 26. Nd3 Qh6 27. Kh2 g5 28.
Qf3 Rg7 29. Re1 Qg6 30. Re2 Re4 31. Re1 Nc4 32. Re2 f5 33. g4 hxg3+ 34. fxg3 Rh7
35. Nf2 g4 36. Qg2 Re6 37. Kg1 Rhe7 38. Nd1 gxh3 39. Qf3 f4 40. Qxf4 Rf6 0-1

[Event "89th ch-ARG 2014"]
[Site "Saenz Pena ARG"]
[Date "2014.07.13"]
[Round "6.6"]
[White "Iermito, Sebastian"]
[Black "Liascovich, Lucas"]
[Result "1/2-1/2"]
[WhiteTitle "IM"]
[BlackTitle "IM"]
[WhiteElo "2475"]
[BlackElo "2478"]
[WhiteFideId "114286"]
[BlackFideId "108634"]
[EventDate "2014.07.09"]

1. e4 c5 2. Nf3 e6 3. d3 Nc6 4. g3 d5 5. Qe2 Nf6 6. Bg2 Be7 7. O-O O-O 8. e5 Ne8
9. h4 b5 10. Re1 Rb8 11. Nbd2 Rb6 12. Nf1 f5 13. exf6 Bxf6 14. Be3 Qe7 15. c3 b4
16. d4 bxc3 17. bxc3 cxd4 18. Nxd4 Nxd4 19. Bxd4 Bxd4 20. cxd4 Qf6 21. Qd2 Nd6
22. Ne3 h5 23. Rab1 Ba6 24. Rxb6 axb6 25. Rb1 b5 26. Rf1 Bc8 27. Qb4 Nc4 28.
Nxc4 bxc4 29. Qc5 c3 30. Qxc3 Ba6 31. Ra1 Qxf2+ 32. Kh2 Be2 33. Rg1 Bf3 34. Qe1
Be4 35. Qxf2 Rxf2 36. Kh1 Bc2 37. Rc1 Bf5 38. Rf1 Rxa2 39. Bxd5 Ra5 40. Rxf5
Rxd5 41. Rxd5 exd5 42. Kg2 Kf7 43. Kf3 Kf6 44. g4 hxg4+ 45. Kxg4 g6 46. Kf4 Ke6
47. Kg5 Kf7 48. h5 gxh5 49. Kxh5 Kf6 50. Kg4 Kg6 51. Kf4 Kf6 1/2-1/2

[Event "89th ch-ARG 2014"]
[Site "Saenz Pena ARG"]
[Date "2014.07.13"]
[Round "6.7"]
[White "Obregon, Andres Carlos"]
[Black "Real De Azua, Ernesto"]
[Result "1/2-1/2"]
[WhiteTitle "IM"]
[BlackTitle "IM"]
[WhiteElo "2502"]
[BlackElo "2443"]
[WhiteFideId "111724"]
[BlackFideId "108154"]
[EventDate "2014.07.09"]

1. e4 e5 2. Nf3 Nc6 3. Bb5 a6 4. Ba4 Nf6 5. O-O Be7 6. Re1 b5 7. Bb3 d6 8. c3
O-O 9. h3 Nb8 10. d4 Nbd7 11. Nbd2 Bb7 12. Bc2 Re8 13. a4 Bf8 14. Bd3 c6 15. b3
Qc7 16. Bb2 g6 17. Qc2 Rac8 18. Bf1 Qb8 19. Rad1 exd4 20. cxd4 d5 21. e5 Nh5 22.
Ng5 Ng7 23. Be2 Rc7 24. Bg4 Ne6 25. Nxe6 fxe6 26. h4 c5 27. h5 cxd4 28. Qb1 Nc5
29. axb5 d3 30. Nf3 Bh6 31. Bc1 Bxc1 32. Rxc1 gxh5 33. Bxh5 Rec8 34. b4 Ne4 35.
Rxc7 Qxc7 36. Qxd3 Qb6 37. Nd4 Kh8 38. Qe3 axb5 39. Bf7 Rf8 40. Qf3 Qc7 41. Nxe6
Qxf7 42. Nxf8 Qxf3 43. gxf3 Ng5 44. Rc1 d4 45. f4 Nh3+ 46. Kf1 Nxf4 47. e6 Kg8
48. e7 Kf7 49. Re1 Bg2+ 50. Kg1 Bc6 51. Re5 Nd3 52. Re6 Nxb4 53. f4 d3 54. Kf2
Be8 55. f5 d2 56. Ke2 Nc6 57. Kxd2 Nxe7 58. Nxh7 Bd7 59. Ng5+ Kf8 60. Rf6+ Ke8
61. Ne6 Nxf5 62. Rxf5 Bxe6 63. Rxb5 Kf7 64. Ke3 Kg7 65. Kf4 Bg8 66. Kg5 Bc4 67.
Rb7+ Kh8 68. Rd7 Bb3 69. Kg6 Ba2 70. Ra7 Bc4 71. Ra3 Bd5 72. Ra5 Bc4 73. Rc5
Bd3+ 74. Kf7 Be4 75. Rb5 Bd3 76. Rh5+ Bh7 77. Kf6 Kg8 78. Rg5+ Kh8 79. Rc5 Bg8
80. Rc8 Kh7 81. Rxg8 Kxg8 1/2-1/2

[Event "89th ch-ARG 2014"]
[Site "Saenz Pena ARG"]
[Date "2014.07.14"]
[Round "7.1"]
[White "Real De Azua, Ernesto"]
[Black "Alonso, Salvador"]
[Result "0-1"]
[WhiteTitle "IM"]
[BlackTitle "GM"]
[WhiteElo "2443"]
[BlackElo "2508"]
[WhiteFideId "108154"]
[BlackFideId "105198"]
[EventDate "2014.07.09"]

1. d4 Nf6 2. c4 e6 3. Nf3 Bb4+ 4. Bd2 c5 5. Bxb4 cxb4 6. g3 O-O 7. Bg2 d6 8.
Nbd2 Re8 9. Nf1 Nc6 10. Ne3 e5 11. dxe5 dxe5 12. O-O h6 13. Qc2 Be6 14. Rfd1 Qa5
15. a3 Red8 16. Qb3 bxa3 17. Rxd8+ Rxd8 18. Qxb7 Qc5 19. Qb5 axb2 20. Qxb2 e4
21. Nd2 Rb8 22. Qc3 Nd4 23. Kf1 Rd8 24. Qa5 Qxa5 25. Rxa5 Nc2 26. Nd5 e3 27.
fxe3 Bxd5 28. Bxd5 Nxd5 29. cxd5 Rxd5 30. Rxd5 Nxe3+ 31. Kf2 Nxd5 32. e4 Nc7 33.
Ke3 Kf8 34. Kd4 Ke7 35. Nc4 Ke6 36. Na5 Nb5+ 37. Kd3 a6 38. Nb7 Ke5 39. Nd8 f6
40. Nc6+ Kd6 41. Nd8 Na7 42. Nb7+ Kc6 43. Nd8+ Kd7 44. Nb7 Ke7 45. Na5 h5 46.
Kc4 Kd6 47. Nb7+ Ke5 48. Nc5 a5 0-1

[Event "89th ch-ARG 2014"]
[Site "Saenz Pena ARG"]
[Date "2014.07.14"]
[Round "7.2"]
[White "Liascovich, Lucas"]
[Black "Obregon, Andres Carlos"]
[Result "0-1"]
[WhiteTitle "IM"]
[BlackTitle "IM"]
[WhiteElo "2478"]
[BlackElo "2502"]
[WhiteFideId "108634"]
[BlackFideId "111724"]
[EventDate "2014.07.09"]

1. d4 Nf6 2. Nf3 g6 3. g3 Bg7 4. Bg2 O-O 5. O-O d5 6. b3 c5 7. e3 Nc6 8. Bb2
cxd4 9. Nxd4 Bg4 10. Nxc6 bxc6 11. Qc1 Qd7 12. c4 Rfe8 13. f3 Bh3 14. Nc3 e5 15.
Na4 Bxg2 16. Kxg2 e4 17. Qc3 Nh5 18. Qd2 exf3+ 19. Rxf3 Bxb2 20. Nxb2 Rad8 21.
cxd5 Qe7 22. d6 Rxd6 23. Qe2 f5 24. Qc4+ Kg7 25. Qc3+ Nf6 26. Nc4 Rd5 27. Rff1
Red8 28. Rac1 Kg8 29. Qc2 Rd3 30. Kg1 Qe4 31. Qg2 Qe6 32. Rfe1 Ne4 33. Qb2 c5
34. Qe5 Qxe5 35. Nxe5 Rd2 36. Nc4 Rxa2 37. Ra1 Rxa1 38. Rxa1 Rd3 39. Rxa7 Rxb3
40. Ra8+ Kg7 41. Ra7+ Kh6 42. g4 fxg4 43. Ne5 Kg5 44. Nf7+ Kh5 45. Re7 Rb1+ 46.
Kg2 Rb2+ 47. Kg1 Nd2 0-1